000 00536nam a2200181Ia 4500
005 20250326142803.0
008 250326s9999 xx 000 0 und d
037 _aTextbook
040 _aFMSL
_beng
_cFMSL
041 _aeng
_2eng
084 _aX:8ogB28 L5
_qFMSL
100 _aBierman H
_9319819
245 0 _aQuantitative analysis for Business decisions
_cBierman H And Others
260 _aNew Delhi
_bNew Delhi, B.B Taraporevala
_c1975
300 _a539p
942 _cTB
_hX:8ogB28 L5
999 _c1296622
_d1296622